[Event "HUN-chT2 Barcza 1213"]
[Site "Hungary"]
[Date "2012.10.07"]
[Round "2.9"]
[White "Burinda, Gabor"]
[Black "Ujhazi, David"]
[Result "1/2-1/2"]
[WhiteElo "1847"]
[BlackElo "1827"]
[PlyCount "118"]
[EventDate "2012.09.16"]
[EventType "team-tourn"]
[EventRounds "11"]
[EventCountry "HUN"]
[SourceTitle "EXT 2014"]
[Source "ChessBase"]
[SourceDate "2013.11.20"]
[SourceVersion "1"]
[SourceVersionDate "2013.11.20"]
[SourceQuality "1"]
[WhiteTeam "Kazincbarcika"]
[BlackTeam "DEAC"]
[WhiteTeamCountry "HUN"]
[BlackTeamCountry "HUN"]

1. d4 d6 2. e3 Nf6 3. Bd3 g6 4. Nd2 Bg7 5. f4 0-0 6. Ngf3 Nc6 7. a3 a6 8. 0-0 b5 9. b4 Bg4 10. h3 Bd7 11. Bb2 Qc8 12. Qe2 Nh5 13. Kh2 Re8 14. c4 e5 15. fxe5 dxe5 16. d5 bxc4 17. dxc6 cxd3 18. cxd7 Qxd7 19. Qf2 e4 20. Nd4 Be5+ 21. Kg1 Ng3 22. Rfe1 Ne2+ 23. Rxe2 dxe2 24. Qxe2 Bd6 25. Rf1 Qe7 26. Qf2 f5 27. Nc4 Rac8 28. Rc1 c5 29. Nxd6 Qxd6 30. bxc5 Rxc5 31. Rxc5 Qxc5 32. Qc2 Qxc2 33. Nxc2 Rb8 34. Bd4 a5 35. Kf2 Rb1 36. Ke2 Kf7 37. a4 Ke6 38. Bc3 Kd5 39. h4 Rh1 40. Bxa5 Rxh4 41. Bb4 f4 42. a5 f3+ 43. Kf2 Rh2 44. Ne1 fxg2 45. Nxg2 Kc6 46. Kg3 Rh5 47. Kf4 Rb5 48. Bc3 Rc5 49. Be1 Rc2 50. Kg3 g5 51. Bb4 Kb5 52. Be7 Kxa5 53. Bxg5 Rc8 54. Kf4 Rf8+ 55. Kg4 Rg8 56. Kh5 Kb5 57. Nh4 Kc4 58. Bf4 Kd3 59. Kh6 Rg1 1/2-1/2

[Event "HUN-chT2 Barcza 1011"]
[Site "Hungary"]
[Date "2011.04.17"]
[Round "9.9"]
[White "Kun, Sandor"]
[Black "Ujhazi, David"]
[Result "1-0"]
[WhiteElo "2127"]
[BlackElo "1862"]
[PlyCount "91"]
[EventDate "2010.09.12"]
[EventType "team-tourn"]
[EventRounds "11"]
[EventCountry "HUN"]
[SourceTitle "EXT 2012"]
[Source "ChessBase"]
[SourceDate "2011.11.24"]
[SourceVersion "1"]
[SourceVersionDate "2011.11.24"]
[SourceQuality "1"]
[WhiteTeam "Hajduszoboszlo"]
[BlackTeam "DEAC"]
[WhiteTeamCountry "HUN"]
[BlackTeamCountry "HUN"]

1. e4 d6 2. d4 Nf6 3. Nc3 g6 4. f3 a6 5. Be3 b5 6. Qd2 Bg7 7. h4 h5 8. Nge2 Nbd7 9. d5 Nb6 10. Nd4 Bd7 11. b3 Rc8 12. a4 b4 13. Nd1 a5 14. Ba6 Rb8 15. Bb5 0-0 16. c4 e6 17. Bg5 Qe8 18. 0-0 Nc8 19. Nf2 Na7 20. Rac1 e5 21. Ne2 Nh7 22. Be3 Ra8 23. Bxd7 Qxd7 24. c5 Nc8 25. Nh3 Bf6 26. Ng5 Qd8 27. Nxh7 Kxh7 28. Bg5 Bxg5 29. hxg5 f6 30. gxf6 Rxf6 31. f4 Qe7 32. fxe5 Rxf1+ 33. Rxf1 dxe5 34. Qc2 Qg7 35. Qc4 Kh6 36. Qc1+ Kh7 37. Qg5 Ne7 38. Ng3 Re8 39. Rf6 Ng8 40. Nxh5 gxh5 41. Qxh5+ Nh6 42. Rxh6+ Qxh6 43. Qf7+ Kh8 44. Qxe8+ Kh7 45. Qd7+ Kh8 46. Qh3 1-0

[Event "HUN-chT2 Barcza 1011"]
[Site "Hungary"]
[Date "2011.03.27"]
[Round "7.9"]
[White "Timar, Jozsef"]
[Black "Ujhazi, David"]
[Result "0-1"]
[WhiteElo "1893"]
[BlackElo "1862"]
[PlyCount "66"]
[EventDate "2010.09.12"]
[EventType "team-tourn"]
[EventRounds "11"]
[EventCountry "HUN"]
[SourceTitle "EXT 2012"]
[Source "ChessBase"]
[SourceDate "2011.11.24"]
[SourceVersion "1"]
[SourceVersionDate "2011.11.24"]
[SourceQuality "1"]
[WhiteTeam "Debrecen Betu"]
[BlackTeam "DEAC"]
[WhiteTeamCountry "HUN"]
[BlackTeamCountry "HUN"]

1. e4 d6 2. d4 Nf6 3. Nc3 g6 4. Bc4 Bg7 5. Bg5 h6 6. Bh4 g5 7. Bg3 c6 8. f4 b5 9. Bd3 Bg4 10. Qd2 Nh7 11. e5 dxe5 12. dxe5 e6 13. Nge2 Bf8 14. Nxb5 Bxe2 15. Kxe2 Be7 16. Nc3 Nd7 17. Rad1 Nb6 18. Qe3 Qc7 19. h4 g4 20. f5 Nf8 21. Qf4 h5 22. Be4 Nd5 23. Nxd5 cxd5 24. Bd3 Rb8 25. b3 Rb4 26. c4 exf5 27. Rhf1 Ne6 28. Qxf5 Nd4+ 29. Ke1 Nxf5 30. Bxf5 dxc4 31. Bd7+ Qxd7 32. Rxd7 Kxd7 33. bxc4 Rb1+ 0-1

[Event "HUN-chT2 Barcza 0910"]
[Site "Hungary"]
[Date "2010.04.11"]
[Round "9.9"]
[White "Ujhazi, David"]
[Black "Nagy, Sandor I"]
[Result "1/2-1/2"]
[WhiteElo "1800"]
[BlackElo "2040"]
[PlyCount "75"]
[EventDate "2009.11.08"]
[EventType "team-tourn"]
[EventRounds "11"]
[EventCountry "HUN"]
[SourceTitle "EXT 2011"]
[Source "ChessBase"]
[SourceDate "2010.11.26"]
[SourceVersion "1"]
[SourceVersionDate "2010.11.26"]
[SourceQuality "1"]
[WhiteTeam "DEAC"]
[BlackTeam "Debrecen Betu"]
[WhiteTeamCountry "HUN"]
[BlackTeamCountry "HUN"]

1. d4 Nf6 2. c4 g6 3. Nc3 Bg7 4. Nf3 d5 5. Bg5 c6 6. e3 0-0 7. Bd3 Be6 8. b3 Bg4 9. h3 Bxf3 10. gxf3 dxc4 11. Bxf6 Bxf6 12. Bxc4 c5 13. Ne4 cxd4 14. Nxf6+ exf6 15. Qxd4 Qxd4 16. exd4 Nc6 17. Rd1 Rfe8+ 18. Kf1 Red8 19. d5 Rd6 20. Kg2 Ne7 21. Rd2 Rad8 22. Rhd1 Kg7 23. f4 h6 24. a4 Rc8 25. Be2 Rc3 26. Bc4 g5 27. fxg5 fxg5 28. Rd3 Rxd3 29. Rxd3 Ng6 30. Kg3 f5 31. Kh2 Kf6 32. Rd1 Nf4 33. Kg3 a5 34. h4 Nh5+ 35. Kh3 g4+ 36. Kg2 Nf4+ 37. Kg3 Ng6 38. Re1 1/2-1/2

[Event "HUN-chT2 Barcza 0910"]
[Site "Hungary"]
[Date "2009.12.20"]
[Round "4.10"]
[White "Kemendi, Daniel"]
[Black "Ujhazi, David"]
[Result "0-1"]
[WhiteElo "1704"]
[BlackElo "1800"]
[PlyCount "100"]
[EventDate "2009.11.08"]
[EventType "team-tourn"]
[EventRounds "11"]
[EventCountry "HUN"]
[SourceTitle "EXT 2011"]
[Source "ChessBase"]
[SourceDate "2010.11.26"]
[SourceVersion "1"]
[SourceVersionDate "2010.11.26"]
[SourceQuality "1"]
[WhiteTeam "Miskolc"]
[BlackTeam "DEAC"]
[WhiteTeamCountry "HUN"]
[BlackTeamCountry "HUN"]

1. e4 d6 2. d4 Nf6 3. Nc3 g6 4. Nf3 Bg7 5. h3 0-0 6. Bc4 c6 7. 0-0 b5 8. Bb3 b4 9. e5 dxe5 10. dxe5 bxc3 11. exf6 Bxf6 12. bxc3 Bxc3 13. Rb1 Ba6 14. Ba3 Bxf1 15. Kxf1 Qc7 16. Ng5 Bf6 17. Ne4 Nd7 18. Qd2 Rad8 19. Qh6 Bg7 20. Qh4 Nf6 21. Ng5 h6 22. Ne4 Rfe8 23. Re1 Nxe4 24. Qxe4 e6 25. Ba4 Rd4 26. Qxc6 Qxc6 27. Bxc6 Red8 28. Be4 Rd1 29. Bd3 Rxe1+ 30. Kxe1 Rd4 31. Bc5 Ra4 32. a3 Bf8 33. Bxf8 Kxf8 34. Kd2 Rxa3 35. Kc1 Ke7 36. Kb2 Ra5 37. c3 Kd6 38. Kb3 Rc5 39. c4 a5 40. Ka4 Ke5 41. g3 Kd4 42. Bf1 f5 43. Kb3 e5 44. h4 f4 45. Be2 fxg3 46. fxg3 Ke3 47. Bf1 Kf2 48. Bd3 Kxg3 49. Bxg6 Kxh4 50. Be4 h5 0-1